000
00218nam a22000857a 4500
008
170626b xxu||||| |||| 00| 0 eng d
100
_9
3715
_a
Khosla
245
_a
ABC Science Lab manual IX
260
_a
New Delhi
_b
H. F. I
_c
2008
999
_c
7137
_d
7137